Peace & Change (Record no. 433)

MARC details
000 -LEADER
fixed length control field 00452nam a22001457a 4500
008 - FIXED-LENGTH DATA ELEMENTS--GENERAL INFORMATION
fixed length control field 230605b xxu||||| |||| 00| 0 eng d
082 ## - DEWEY DECIMAL CLASSIFICATION NUMBER
Classification number 327.17205
Item number JBR
110 ## - MAIN ENTRY--CORPORATE NAME
Date of meeting or treaty signing 2007
245 ## - TITLE STATEMENT
Title Peace & Change
Remainder of title A Journal of Peace Research
Statement of responsibility, etc. Peace History Society and Peace and Justice Studies Association
260 ## - PUBLICATION, DISTRIBUTION, ETC. (IMPRINT)
Place of publication, distribution, etc. United Kingdom
Name of publisher, distributor, etc. Blackwell Publishing
Date of publication, distribution, etc. 2007
300 ## - PHYSICAL DESCRIPTION
Extent 253 p
440 ## - SERIES STATEMENT/ADDED ENTRY--TITLE
Number of part/section of a work 2
Name of part/section of a work April
Volume/sequential designation 32
International Standard Serial Number 14680130
500 ## - GENERAL NOTE
General note Pictures
942 ## - ADDED ENTRY ELEMENTS (KOHA)
Source of classification or shelving scheme Dewey Decimal Classification
Koha item type Books
Holdings
Withdrawn status Lost status Source of classification or shelving scheme Damaged status Not for loan Home library Current library Date acquired Total Checkouts Full call number Barcode Date last seen Price effective from Koha item type
    Dewey Decimal Classification     Bunge Tower Library Bunge Tower Library 06/05/2023   327.17205 JBR 10015167 06/05/2023 06/05/2023 Books
LIBRARY OPENING HOURS

When the Parliament is sitting: 8.00a.m - 7.00p.m or until the house adjourns
Mondays and Fridays and when the House is on Recess:  8.00a.m - 5.00p.m
Closed on Weekends and Public Holidays

Online Public Access Catalog (OPAC)
Website: http://www.parliament.go.ke
Bunge Library: https://libraryir.parliament.go.ke
Contact: library@parliament.go.ke | Tel no: (254-2)2221291 or 2848000 Ext 5043